| 000 | 00981nam a22002777a 4500 | ||
|---|---|---|---|
| 005 | 20250703094541.0 | ||
| 007 | cr |||aaa||||| | ||
| 008 | 250617s2022 ck|ado|foz||| 001 0 spa d | ||
| 020 | _a9789587227826 | ||
| 040 |
_aMX-MxUPN _bspa _cMX-MxUPN _eaacr2 |
||
| 041 | _aspa | ||
| 050 | _aLB1028 | ||
| 100 |
_aGil Ramírez, Hernán _957074 |
||
| 100 |
_aGuilleumas García, Rosa María _957075 |
||
| 245 |
_aAnálisis de sentimientos en twitter sobre aprendizaje móvil _h[recurso electrónico en línea] |
||
| 260 |
_aPereira, Colombia : _bUniversidad Tecnológica de Pereira, _c2022 |
||
| 300 |
_a1 recurso electrónico (120 páginas) _bPDF |
||
| 490 | _aTrabajos de investigación | ||
| 500 | _aIncluye bibliografía | ||
| 650 | 2 |
_aEducación en línea (Internet) _95218 |
|
| 650 | 4 |
_aTecnología educativa _94978 |
|
| 650 | 4 |
_aRedes sociales _915749 |
|
| 856 | _uhttps://hdl.handle.net/11059/14492 | ||
| 902 | _aMaiella Martínez / 17062025 | ||
| 942 |
_2lcc _cLIBRO-E |
||
| 999 |
_c213541 _d213541 |
||